| 000 | 00519cam a2200205ua 4500 | ||
|---|---|---|---|
| 020 | _c420.00 | ||
| 041 |
_aeng _h |
||
| 082 |
_a621.8 _bAGA/AD |
||
| 100 | _aAgarwal, R.S . | ||
| 245 |
_aAdvances in mechanical engineering / _cR.S.Agarwal. _hTextual Documents |
||
| 250 |
_a1 / _b. |
||
| 260 |
_a : _bTata Mc-Graw Hill Publishing Company , _c1990. |
||
| 300 | _a789 ; . | ||
| 365 | _a420.00 | ||
| 504 | _a | ||
| 700 | 1 | _aMittal, R.N . | |
| 700 | 1 | _aSekhon, G.S . | |
| 942 | _cBK | ||
| 999 |
_c2544 _d2544 |
||